000 00364nam a22001577a 4500
003 MPLRDC
005 20220104142639.0
008 210129b ||||| |||| 00| 0 eng d
082 _a177 TJS
100 _a谭继山编著
245 _a自我本性判断法
_c
260 _a
_b新风文化事业公司
_c
300 _b
650 _a
942 _cBK
_o177 TJS
999 _c32579
_d32569